00359nam a2200121Ia 4500008004100000020002200041041000800063082002700071100001200098245006800110260005100178300000800229230519s9999 xx 000 0 und d a978-93-86827-17-3 aeng aCH/610.7343/GIL/DB0847 aGill KK aTextbook of Community Health Nursing-I for GNM Nursing Students bCBS Publishers & DistributorsaNew Delhic2018 a520